| 000 | 00420nam a2200181Ia 4500 | ||
|---|---|---|---|
| 001 | 20652 | ||
| 003 | IN-NITTTR | ||
| 005 | 20251114233236.0 | ||
| 008 | 251113s9999||||xx |||||||||||||| ||eng|| | ||
| 040 | _beng | ||
| 040 | _cIN-NITTTR | ||
| 041 | _aeng | ||
| 082 | _a371.425 C452 | ||
| 100 | _aSrivastava, R. B. | ||
| 245 | 0 |
_aChoice of Career Options. / _cSrivastava, R. B.,ed. |
|
| 700 | _aed., | ||
| 942 |
_2ddc _cBK |
||
| 999 |
_c23282 _d23282 |
||